A KRAFT & Associates - Turisztikai Fejlesztő Kft. üzemeltetőkeresési tevékenységének bemutatása
| Main Author: | |
|---|---|
| Other Authors: | |
| Format: | Project work |
| Kulcsszavak: | brand hotel pénzügy piackutatás üzemeltetés |
| Online Access: | http://dolgozattar.uni-bge.hu/60161 |
MARC
| LEADER | 00000nnm a2200000 i 4500 | ||
|---|---|---|---|
| 001 | dolg60161 | ||
| 005 | 20260409150052.0 | ||
| 008 | 260409suuuu hu o 000 hun d | ||
| 040 | |a BGE Dolgozattár Repozitórium |b hun | ||
| 041 | |a hu | ||
| 100 | 1 | |a Hérincs Máté Gergő | |
| 245 | 1 | 2 | |a A KRAFT & Associates - Turisztikai Fejlesztő Kft. üzemeltetőkeresési tevékenységének bemutatása |c Hérincs Máté Gergő |h [elektronikus dokumentum] |
| 516 | |a Project_work | ||
| 520 | 3 | |a Dolgozatom a KRAFT & Associates - Turisztikai Fejlesztő Kft.-nél végzett szakmai gyakorlatom tapasztalatait és a szállodafejlesztés folyamatát mutatja be, különös tekintettel a turizmus és az üzleti élet találkozására. Részletezem a szállodaprojektek előkészítését, a piaci elemzések és pénzügyi számítások (ADR, RevPAR, CashFlow) szerepét, valamint a nemzetközi szállodabrandekkel való együttműködés lépéseit, beleértve az üzemeltetőkeresést és az információs memorandum készítését. A dolgozatban kitérek a magyar turizmus fejlődésére, Budapest és Prága szállodakapacitásának összehasonlítására, valamint a vidéki turizmus lehetőségeire. Egy fiktív, budapesti 4 csillagos szálloda megvalósíthatósági tanulmányán keresztül a bemutatom a vendégtípusok megoszlását, a SWOT-elemzést, a pénzügyi mutatókat és a projekt koncepcióját, kiemelve a gyakorlati tapasztalatimnak szakmai fejlődésemre gyakorolt hatását. | |
| 695 | |a brand | ||
| 695 | |a hotel | ||
| 695 | |a pénzügy | ||
| 695 | |a piackutatás | ||
| 695 | |a üzemeltetés | ||
| 700 | 1 | |a Törcsvári Dr. Zsolt István |e ths | |
| 856 | 4 | 0 | |u http://dolgozattar.uni-bge.hu/60161/1/A%20KRAFT%20%20Associates%20-%20Turisztikai%20Fejleszt%C5%91%20Kft.%20%C3%BCzemeltet%C5%91keres%C3%A9si%20tev%C3%A9kenys%C3%A9g%C3%A9nek%20bemutat%C3%A1sa.pdf |z Dokumentum-elérés |
| 856 | 4 | 0 | |u http://dolgozattar.uni-bge.hu/60161/2/H%C3%A9rincs%20M%C3%A1t%C3%A9%20B%C3%ADr%C3%A1lati%20lap_.pdf |z Dokumentum-elérés |